INDRODUCTION TO MACHINE LEARNING WITH PYTHON (Record no. 22965)
[ view plain ]
| 000 -LEADER | |
|---|---|
| fixed length control field | 00339nam a22001457a 4500 |
| 003 - CONTROL NUMBER IDENTIFIER | |
| control field | SGT |
| 020 ## - INTERNATIONAL STANDARD BOOK NUMBER | |
| International Standard Book Number | 9789352134571 |
| 082 ## - DEWEY DECIMAL CLASSIFICATION NUMBER | |
| Classification number | 005.1331,MUL |
| 100 ## - MAIN ENTRY--PERSONAL NAME | |
| Personal name | MULLER, ANDREAS |
| 245 ## - TITLE STATEMENT | |
| Title | INDRODUCTION TO MACHINE LEARNING WITH PYTHON |
| 260 ## - PUBLICATION, DISTRIBUTION, ETC. (IMPRINT) | |
| Place of publication, distribution, etc | MUMBAI |
| Name of publisher, distributor, etc | SPD |
| Year of Publication | 2022 |
| 300 ## - PAGE DESCRIPTION | |
| No. of Pages | 378 |
| 650 ## - SUBJECT ADDED ENTRY--TOPICAL TERM | |
| Topical term or geographic name as entry element | COMPUTER SICENCE |
| 942 ## - ADDED ENTRY ELEMENTS (KOHA) | |
| Source of classification or shelving scheme | Dewey Decimal Classification |
| Koha item type | Books |
| 942 ## - ADDED ENTRY ELEMENTS (KOHA) | |
| -- | 43 |
| Withdrawn status | Lost status | Source of classification or shelving scheme | Damaged status | Not for loan | Collection code | Home library | Current library | Shelving location | Date acquired | Vendor Name | Cost, normal purchase price | SGTU | Total Checkouts | Full call number | Accession No. (Barcode) | Date last seen | Date last borrowed | Bill Date | Koha item type | Total Renewals | Use restrictions |
|---|---|---|---|---|---|---|---|---|---|---|---|---|---|---|---|---|---|---|---|---|---|
| Dewey Decimal Classification | ENGINEERING | SGT Engineering Library | SGT Engineering Library | Reference Book | 29/06/2022 | AHUJA BOOK COMPANY PVT.LTD | 1200.00 | SGTU | 5 | 005.1331,MUL | FE8476 | 08/09/2025 | 05/09/2025 | 19/05/2022 | Books | ||||||
| Dewey Decimal Classification | ENGINEERING | SGT Engineering Library | SGT Engineering Library | Reference Book | 29/06/2022 | AHUJA BOOK COMPANY PVT.LTD | 1200.00 | SGTU | 9 | 005.1331,MUL | FE8477 | 11/08/2025 | 02/07/2025 | 19/05/2022 | Books | ||||||
| Dewey Decimal Classification | ENGINEERING | SGT Engineering Library | SGT Engineering Library | Reference Book | 29/06/2022 | AHUJA BOOK COMPANY PVT.LTD | 1200.00 | SGTU | 17 | 005.1331,MUL | FE8478 | 28/10/2025 | 28/10/2025 | 19/05/2022 | Books | 1 | |||||
| Dewey Decimal Classification | ENGINEERING | SGT Engineering Library | SGT Engineering Library | Reference Book | 29/06/2022 | AHUJA BOOK COMPANY PVT.LTD | 1200.00 | SGTU | 19 | 005.1331,MUL | FE8479 | 24/04/2026 | 23/04/2026 | 19/05/2022 | Books | ||||||
| Dewey Decimal Classification | Not For Loan | ENGINEERING | SGT Engineering Library | SGT Engineering Library | Reference Book | 29/06/2022 | AHUJA BOOK COMPANY PVT.LTD | 1200.00 | SGTU | 005.1331,MUL | FE8480 | 29/06/2022 | 19/05/2022 | Books | Restricted Access |